Statistiche per squadre NBA senza una palla nel logo

Clicka qui per fare il quiz!

Statistiche generali

  • Questo quiz è stato fatto 8 volte
  • Il punteggio medio è 6 su 8

Statistiche sulle risposte

HintRisposta% Corretto
2Chicago Bulls
100%
4Golden State Warriors
100%
8San Antonio Spurs
83%
5Houston Rockets
67%
6Memphis Grizzlies
67%
3Cleveland Cavaliers
50%
7Portland Trail Blazers
50%
1Atlanta Hawks
33%

Distribuzione punteggi

Percentile per numero di risposta

Percentuale di utenti per punteggio

I tuoi punteggi nel tempo

Non hai fatto questo quiz